00627nam a2200169Ia 4500008004100000100002700041245013300068245002700201260005900228260000900287300001000296650001800306650001500324856002600339999001900365952007300384170221s9999 xx 000 0 und d aFrancis Raymond Calbay aDeveloping Content for Migrants at Crossroads: Lessons Learned from Piloting an Online Community Portal for Overseas Filipinos  cFrancis Raymond Calbay bOnline Journal of Communication and Media Technologies c2016 a5 : 2 xCommunication xMedia Arts uhttp://www.ojcmt.net/ c312937d312937 001040aCLbCLd2017-02-21l0r2017-02-21 00:00:00w2017-02-21yFOJ